000 01813cam a22002893a 4500
001 31283
003 PGUSA
005 20140828083657.0
008 100215s2010||||xxu|||||s|||||000 p eng d
040 _aPGUSA
_beng
042 _adc
050 4 _aPR
245 1 0 _aEnglish Critical Essays :
_bNineteenth Century
_h[electronic resource]
260 _bProject Gutenberg,
_c2010
505 0 _aPoetry and poetic diction, by W. Wordsworth -- Wordsworth's theory of diction, by S. T. Coleridge -- Metrical composition, by S. T. Coleridge -- The Canterbury pilgrims, by W. Blake -- On the tragedies of Shakespeare, considered with reference to their fitness for stage representation, by C. Lamb -- A defence of poetry, by P. B. Shelley -- My first acquaintance with poets, by W. Hazlitt -- Sacred poetry, by J. Keble -- Poetry with reference to Aristotle's Poetics, by J. H. Newman -- The hero as poet. Dante; Shakespeare, by T. Carlyle -- An answer to the question, what is poetry? By J. H. L. Hunt -- The choice of subjects in poetry, by M. Arnold -- Of the pathetic fallacy, by J. Ruskin -- Thoughts on poetry and its varieties, by J. S. Mill -- Wordsworth, Tennyson, and Browning; or, Pure, ornate, and grotesque art in English poetry, by W. Bagehot -- Coleridge's writings, by W. H. Pater -- Shakespeare; or, The poet, by R. W. Emerson -- Wordsworth, by J. R. Lowell.
506 _aPublic domain in the USA.
516 _aElectronic text
653 _aCriticism
653 _aEnglish essays
653 _aEnglish poetry -- 19th century -- History and criticism
653 _aPoetry
700 1 _aJones, Edmund D.
_q(Edmund David),
_d1869-1941
740 0 _aEnglish Critical Essays: 19th Century
830 0 _aProject Gutenberg
_v31283
856 4 0 _uhttp://www.gutenberg.org/ebooks/31283
942 _cEB
999 _c260538
_d260538